Ellie Goulding: Complete Discography - Statistics

General Stats
  • This quiz has been taken 45 times
    11 since last reset
  • The average score is 49 of 136
Answer Stats
Album Song % Correct
Halcyon Days Burn
100%
Lights (Bonus) Lights
83%
Delirium (Bonus) Outside
83%
Delirium Aftertaste
67%
Halcyon Anything Could Happen
67%
Delirium Army
67%
Halcyon Atlantis
67%
Brightest Blue Cyan
67%
Halcyon Figure 8
67%
Brightest Blue Flux
67%
Higher Than Heaven How Long
67%
Delirium (Bonus) Love Me Like You Do
67%
Delirium On My Mind
67%
Brightest Blue Power
67%
Brightest Blue (Bonus) Sixteen
67%
Brightest Blue (Bonus) Slow Grenade
67%
Brightest Blue Tides
67%
Brightest Blue (Bonus) Worry About Me
67%
Higher Than Heaven (Bonus) All By Myself
50%
Lights (Bonus) Animal
50%
Halcyon Days (Bonus) Beating Heart
50%
Higher Than Heaven (Bonus) Better Man
50%
Brightest Blue Bleach
50%
Brightest Blue Brightest Blue
50%
Higher Than Heaven By The End Of The Night
50%
Brightest Blue (Bonus) Close To Me
50%
Delirium Codes
50%
Higher Than Heaven Cure For Love
50%
Halcyon Dead In The Water
50%
Delirium Devotion
50%
Delirium Don't Need Nobody
50%
Higher Than Heaven Easy Lover
50%
Lights Every Time You Go
50%
Halcyon Days Goodness Gracious
50%
Halcyon Halcyon
50%
Brightest Blue (Bonus) Hate Me
50%
Higher Than Heaven Higher Than Heaven
50%
Brightest Blue How Deep Is Too Deep
50%
Halcyon Days How Long Will I Love You
50%
Delirium (Bonus) I Do What I Love
50%
Halcyon (Bonus) I Need Your Love
50%
Delirium Intro (Delirium)
50%
Higher Than Heaven (Bonus) Intuition
50%
Delirium Keep On Dancin'
50%
Higher Than Heaven Let It Die
50%
Higher Than Heaven Like A Saviour
50%
Higher Than Heaven Love Goes On
50%
Brightest Blue Love I'm Given
50%
Higher Than Heaven Midnight Dreams
50%
Delirium (Bonus) Paradise
50%
Delirium (Bonus) Powerful
50%
Lights Salt Skin
50%
Delirium Something In The Way You Move
50%
Brightest Blue Start
50%
Halcyon Days (Bonus) Tessellate
50%
Lights The Writer
50%
Brightest Blue Wine Drunk
50%
Delirium (Bonus) Winner
50%
Brightest Blue Woman
50%
Lights (Bonus) Your Song
50%
Delirium Around U
33%
Delirium Don't Panic
33%
Halcyon Don't Say A Word
33%
Halcyon Explosions
33%
Lights Guns and Horses
33%
Halcyon Hanging On
33%
Delirium (Bonus) Heal
33%
Halcyon Days Hearts Without Chains
33%
Delirium Holding On For Life
33%
Halcyon I Know You Care
33%
Halcyon Days (Bonus) In My City
33%
Halcyon Joy
33%
Higher Than Heaven Just For You
33%
Delirium Lost And Found
33%
Features Mama
33%
Halcyon My Blood
33%
Brightest Blue New Heights
33%
Brightest Blue Ode To Myself
33%
Halcyon Only You
33%
Halcyon Days (Bonus) Ritual
33%
Delirium Scream It Out
33%
Lights Starry Eyed
33%
Higher Than Heaven (Bonus) Tastes Like You
33%
Higher Than Heaven (Bonus) Temptation
33%
Delirium (Bonus) The Greatest
33%
Lights This Love (Will Be Your Downfall)
33%
Halcyon Days Under Control
33%
Lights Under the Sheets
33%
Delirium We Can't Move To This
33%
Features Wonderman
33%
Halcyon Days You My Everything
33%
Lights (Bonus) Believe Me
17%
Soundtracks Bittersweet
17%
Singles Destiny
17%
Features Fall Into The Sky
17%
Duets / Collaborations First Time
17%
Halcyon Days Flashlight
17%
Duets / Collaborations Free
17%
Halcyon (Bonus) High For This
17%
Lights (Bonus) Home
17%
Lights (Bonus) Human
17%
Duets / Collaborations Hypnotized
17%
Duets / Collaborations I Adore You
17%
Lights I'll Hold My Breath
17%
Duets / Collaborations In My Dreams
17%
Lights (Bonus) Little Dreams
17%
Halcyon Days (Bonus) Midas Touch
17%
Features New Love
17%
Lights (Bonus) Roscoe
17%
Duets / Collaborations Save My Love
17%
Halcyon Days Stay Awake
17%
Lights (Bonus) The End
17%
Halcyon (Bonus) The Ending
17%
Delirium (Bonus) Two Years Ago
17%
Higher Than Heaven Waiting For It
17%
Lights Wish I Stayed
17%
Halcyon Days (Bonus) Without Your Love
17%
Lights Your Biggest Mistake
17%
Features A Day At A Time
0%
Features Baby
0%
Features Bad Love
0%
Soundtracks Capture The Flag
0%
Soundtracks Choosing Dauntless
0%
Features Don't Leave
0%
Soundtracks Do You Remember
0%
Features Heavy Crown
0%
Soundtracks Here's To Us
0%
Soundtracks Hollow Crown
0%
Soundtracks In This Together
0%
Soundtracks Mirror
0%
Soundtracks Sacrifice
0%
Features Silhouette
0%
Features Summit
0%
Soundtracks Tris
0%
Soundtracks When Your Feet Don't Touch the Ground
0%
Features You Don't Know
0%
No matching quizzes found
Score Distribution
Percent of People with Each Score
Percentile by Number Answered
Your Score History
You have not taken this quiz since the last reset